| 000 | 00415nam a2200169Ia 4500 | ||
|---|---|---|---|
| 005 | 20240823062851.0 | ||
| 008 | 240823s9999||||xx |||||||||||||| ||und|| | ||
| 082 | _A658.047 N3 | ||
| 100 | _aReddy C R | ||
| 245 | 0 | _aOverdues Management in Cooperative Banks | |
| 250 | _a1st | ||
| 260 |
_c1993 _b"Himalaya,Bombay" |
||
| 500 | _aYES | ||
| 650 |
_aManagement _bManagement Studies |
||
| 942 | _cBK | ||
| 999 |
_c236897 _d236897 |
||